[Event "Rubinstein Memorial 09th"]
[Site "Polanica Zdroj"]
[Date "1971.08.28"]
[Round "11"]
[White "Troianescu, Octavio"]
[Black "Adorjan, Andras"]
[Result "0-1"]
[WhiteElo "2330"]
[BlackElo "2465"]
[PlyCount "132"]
[EventDate "1971.08.16"]
[EventType "tourn"]
[EventRounds "15"]
[EventCountry "POL"]
[EventCategory "6"]
[Source "ChessBase"]
[SourceDate "1999.07.01"]
[WhiteTeamCountry "URS"]
[BlackTeamCountry "HUN"]

1. e4 g6 2. d4 Bg7 3. Nf3 d6 4. h3 c5 5. dxc5 Qa5+ 6. c3 Qxc5 7. Bd3 Nf6 8. Be3
Qc7 9. Nbd2 O-O 10. O-O Nbd7 11. Re1 b6 12. Bf4 Bb7 13. Bh2 Rad8 14. Nb3 Qb8
15. Qc2 Qa8 16. a4 a6 17. Nfd2 Rc8 18. f3 Ne5 19. Bxe5 dxe5 20. Nc4 Nd7 21. Qf2
Rc6 22. Bf1 Qc8 23. Ne3 e6 24. Nc2 Rd8 25. Nb4 Rd6 26. Nd2 b5 27. axb5 axb5 28.
Bxb5 Rxd2 29. Qxd2 Qc5+ 30. Kh1 Qxb5 31. Red1 Bf6 32. Qc2 Rc8 33. Qa4 Qxa4 34.
Rxa4 Nc5 35. Ra7 Bd8 36. Nd3 Nxd3 37. Rxd3 Bc6 38. Rd6 Kf8 39. Ra6 Bb5 40. Ra1
Ke7 41. Rd2 Bb6 42. Ra3 f5 43. Kh2 Bc6 44. exf5 gxf5 45. Ra1 h5 46. h4 Be3 47.
Rd3 f4 48. Rxe3 fxe3 49. Re1 e4 50. Rxe3 exf3 51. gxf3 Rg8 52. c4 Rb8 53. b3
Kf6 54. Kg3 e5 55. Kf2 Be8 56. Ke2 Bg6 57. Kd2 Kf5 58. Kc3 Kf4 59. Re1 Be8 60.
Re4+ Kf5 61. Re3 Bc6 62. Rd3 Kf4 63. Rd6 Bxf3 64. Rf6+ Kg3 65. b4 e4 66. c5 e3
0-1

[Event "Rubinstein Memorial 09th"]
[Site "Polanica Zdroj"]
[Date "1971.08.29"]
[Round "12"]
[White "Adorjan, Andras"]
[Black "Nicevski, Risto"]
[Result "1/2-1/2"]
[WhiteElo "2465"]
[BlackElo "2410"]
[PlyCount "38"]
[EventDate "1971.08.16"]
[EventType "tourn"]
[EventRounds "15"]
[EventCountry "POL"]
[EventCategory "6"]
[Source "ChessBase"]
[SourceDate "1999.07.01"]
[WhiteTeamCountry "URS"]
[BlackTeamCountry "HUN"]

1. e4 c5 2. Nf3 d6 3. d4 cxd4 4. Nxd4 Nf6 5. Nc3 a6 6. Bc4 e6 7. Bb3 b5 8. O-O
Be7 9. f4 O-O 10. e5 dxe5 11. fxe5 Nfd7 12. Bf4 Nc5 13. Nce2 Bb7 14. Qe1 Nc6
15. Rd1 Qb6 16. Qg3 Kh8 17. c3 Nxd4 18. Nxd4 Nxb3 19. axb3 Be4 1/2-1/2

[Event "Rubinstein Memorial 09th"]
[Site "Polanica Zdroj"]
[Date "1971.08.30"]
[Round "13"]
[White "Schmidt, Wlodzimierz"]
[Black "Adorjan, Andras"]
[Result "1/2-1/2"]
[WhiteElo "2450"]
[BlackElo "2465"]
[PlyCount "32"]
[EventDate "1971.08.16"]
[EventType "tourn"]
[EventRounds "15"]
[EventCountry "POL"]
[EventCategory "6"]
[Source "ChessBase"]
[SourceDate "1999.07.01"]
[WhiteTeamCountry "URS"]
[BlackTeamCountry "HUN"]

1. Nf3 g6 2. c4 Bg7 3. Nc3 c5 4. g3 Nc6 5. Bg2 e6 6. e3 Nge7 7. d4 O-O 8. O-O
d6 9. d5 Na5 10. Qd3 exd5 11. cxd5 Rb8 12. e4 b5 13. Re1 b4 14. Nd1 Rb6 15. Ne3
Ba6 16. Qd1 h6 1/2-1/2

[Event "Rubinstein Memorial 09th"]
[Site "Polanica Zdroj"]
[Date "1971.09.01"]
[Round "14"]
[White "Adorjan, Andras"]
[Black "Grabczewski, Romuald"]
[Result "1/2-1/2"]
[WhiteElo "2465"]
[BlackElo "2370"]
[PlyCount "40"]
[EventDate "1971.08.16"]
[EventType "tourn"]
[EventRounds "15"]
[EventCountry "POL"]
[EventCategory "6"]
[Source "ChessBase"]
[SourceDate "1999.07.01"]
[WhiteTeamCountry "URS"]
[BlackTeamCountry "HUN"]

1. e4 e5 2. Nf3 Nc6 3. Bb5 a6 4. Ba4 Nf6 5. d4 exd4 6. O-O Be7 7. Re1 O-O 8. e5
Ne8 9. Bf4 f6 10. Bxc6 dxc6 11. Qxd4 Qxd4 12. Nxd4 fxe5 13. Bxe5 Bf6 14. Nc3
Nd6 15. Bxf6 Rxf6 16. Ne4 Nxe4 17. Rxe4 Bd7 18. Re7 Rd6 19. c3 Kf8 20. Rae1 c5
1/2-1/2

[Event "Rubinstein Memorial 09th"]
[Site "Polanica Zdroj"]
[Date "1971.09.02"]
[Round "15"]
[White "Estrin, Yacov"]
[Black "Adorjan, Andras"]
[Result "1/2-1/2"]
[WhiteElo "2400"]
[BlackElo "2465"]
[PlyCount "40"]
[EventDate "1971.08.16"]
[EventType "tourn"]
[EventRounds "15"]
[EventCountry "POL"]
[EventCategory "6"]
[Source "ChessBase"]
[SourceDate "1999.07.01"]
[WhiteTeamCountry "URS"]
[BlackTeamCountry "HUN"]

1. e4 e5 2. Nf3 Nc6 3. Nc3 Nf6 4. Bb5 Nd4 5. Nxd4 exd4 6. e5 dxc3 7. exf6 Qxf6
8. dxc3 Qe5+ 9. Qe2 Qxe2+ 10. Bxe2 d5 11. Bf4 c6 12. O-O Bf5 13. Bd3 Bxd3 14.
cxd3 Kd7 15. Rfe1 Bd6 16. Bxd6 Kxd6 17. Re3 Rhe8 18. Rae1 Kd7 19. Rxe8 Rxe8 20.
Rxe8 Kxe8 1/2-1/2

[Event "Vrnjacka Banja zt"]
[Site "Vrnjacka Banja"]
[Date "1972.??.??"]
[Round "1"]
[White "Csom, Istvan"]
[Black "Adorjan, Andras"]
[Result "1/2-1/2"]
[WhiteElo "2480"]
[BlackElo "2465"]
[PlyCount "28"]
[EventDate "1972.??.??"]
[EventType "tourn"]
[EventRounds "13"]
[EventCountry "YUG"]
[EventCategory "7"]
[Source "ChessBase"]
[SourceDate "2000.11.22"]
[WhiteTeamCountry "URS"]
[BlackTeamCountry "HUN"]

1. g3 c5 2. c4 Nc6 3. Bg2 g6 4. Nc3 Bg7 5. Nf3 e6 6. O-O Nge7 7. e3 O-O 8. d4
cxd4 9. Nxd4 Nxd4 10. exd4 d5 11. cxd5 Nxd5 12. Nxd5 exd5 13. Qb3 Qb6 14. Be3
Be6 1/2-1/2

[Event "Vrnjacka Banja zt"]
[Site "Vrnjacka Banja"]
[Date "1972.04.01"]
[Round "2"]
[White "Adorjan, Andras"]
[Black "Hohler, Peter"]
[Result "1/2-1/2"]
[WhiteElo "2465"]
[BlackElo "2330"]
[PlyCount "26"]
[EventDate "1972.??.??"]
[EventType "tourn"]
[EventRounds "13"]
[EventCountry "YUG"]
[EventCategory "7"]
[Source "ChessBase"]
[SourceDate "2000.11.22"]
[WhiteTeamCountry "URS"]
[BlackTeamCountry "HUN"]

1. e4 c5 2. Nf3 e6 3. d4 cxd4 4. Nxd4 Nf6 5. Nc3 d6 6. g4 h6 7. h3 Nc6 8. Bg2
Bd7 9. O-O Be7 10. Nde2 a6 11. b3 Qc7 12. f4 b5 13. Bb2 Qb6+ 1/2-1/2

[Event "Vrnjacka Banja zt"]
[Site "Vrnjacka Banja"]
[Date "1972.??.??"]
[Round "3"]
[White "Bukic, Enver"]
[Black "Adorjan, Andras"]
[Result "0-1"]
[WhiteElo "2465"]
[BlackElo "2465"]
[PlyCount "84"]
[EventDate "1972.??.??"]
[EventType "tourn"]
[EventRounds "13"]
[EventCountry "YUG"]
[EventCategory "7"]
[Source "ChessBase"]
[SourceDate "2000.11.22"]
[WhiteTeamCountry "URS"]
[BlackTeamCountry "HUN"]

1. d4 Nf6 2. c4 c5 3. d5 e6 4. Nc3 exd5 5. cxd5 d6 6. Nf3 g6 7. e4 Bg7 8. Be2
O-O 9. O-O Re8 10. Nd2 Na6 11. Kh1 Nc7 12. a4 b6 13. f3 Nd7 14. Nc4 Ne5 15. Ne3
Rb8 16. Bd2 a6 17. Rb1 b5 18. axb5 Nxb5 19. Nxb5 axb5 20. b4 c4 21. Qc1 Ra8 22.
Bc3 Qb6 23. Qd2 Ra3 24. Rbc1 Nd3 25. Bxg7 Kxg7 26. Rc3 Qd4 27. Rxd3 cxd3 28.
Rd1 Ra1 29. Nc2 Rxd1+ 30. Qxd1 Qf2 31. Qxd3 Re5 32. Qe3 Qxe3 33. Nxe3 Bd7 34.
Kg1 f5 35. Bd3 fxe4 36. fxe4 Bf5 37. Bxb5 Rxe4 38. Nxf5+ gxf5 39. Bd3 Re5 40.
Bc4 Re1+ 41. Kf2 Re4 42. Bd3 Rxb4 0-1

[Event "Vrnjacka Banja zt"]
[Site "Vrnjacka Banja"]
[Date "1972.??.??"]
[Round "4"]
[White "Adorjan, Andras"]
[Black "Pribyl, Josef"]
[Result "0-1"]
[WhiteElo "2465"]
[BlackElo "2435"]
[PlyCount "116"]
[EventDate "1972.??.??"]
[EventType "tourn"]
[EventRounds "13"]
[EventCountry "YUG"]
[EventCategory "7"]
[Source "ChessBase"]
[SourceDate "2000.11.22"]
[WhiteTeamCountry "URS"]
[BlackTeamCountry "HUN"]

1. e4 c5 2. Nf3 Nf6 3. e5 Nd5 4. Nc3 e6 5. Nxd5 exd5 6. d4 Nc6 7. Be3 cxd4 8.
Nxd4 Nxe5 9. Nb5 a6 10. Nc3 Bb4 11. Qd4 Bxc3+ 12. Qxc3 d6 13. f4 O-O 14. fxe5
dxe5 15. Qxe5 Re8 16. Qd4 Re4 17. Qd3 Qe7 18. Kf2 Bf5 19. Qd2 Re8 20. Re1 Bg6
21. Bd3 Qf6+ 22. Kg1 R4e6 23. Bxg6 hxg6 24. Rf1 Qxb2 25. c3 Qxd2 26. Bxd2 Re2
27. Bf4 Rxa2 28. h3 Ree2 29. Rh2 Rac2 30. Rd1 f6 31. g4 Rxh2 32. Bxh2 Rxc3 33.
Rxd5 Rxh3 34. g5 Rb3 35. Bc7 Rb5 36. Rd8+ Kf7 37. Rd7+ Ke6 38. Rxg7 Rxg5+ 39.
Kf2 Rf5+ 40. Ke3 g5 41. Bb6 Rb5 42. Bd4 a5 43. Kd3 a4 44. Kc4 Rb1 45. Rg6 b5+
46. Kc5 Rf1 47. Kxb5 a3 48. Rg8 a2 49. Ra8 Kd5 50. Bb2 a1=Q 51. Rxa1 Rxa1 52.
Bxa1 f5 53. Bf6 g4 54. Bg5 g3 55. Bf4 g2 56. Bh2 Kd4 57. Bg1+ Kd3 58. Kc5 f4
0-1

[Event "Vrnjacka Banja zt"]
[Site "Vrnjacka Banja"]
[Date "1972.??.??"]
[Round "5"]
[White "Bobotsov, Milko"]
[Black "Adorjan, Andras"]
[Result "0-1"]
[WhiteElo "2485"]
[BlackElo "2465"]
[PlyCount "112"]
[EventDate "1972.??.??"]
[EventType "tourn"]
[EventRounds "13"]
[EventCountry "YUG"]
[EventCategory "7"]
[Source "ChessBase"]
[SourceDate "2000.11.22"]
[WhiteTeamCountry "URS"]
[BlackTeamCountry "HUN"]

1. c4 g6 2. e4 e5 3. Nf3 Bg7 4. d4 exd4 5. Nxd4 Nf6 6. Nc3 O-O 7. Be2 Re8 8. f3
c6 9. Bg5 h6 10. Bh4 d5 11. exd5 cxd5 12. O-O Nc6 13. Nxc6 bxc6 14. Bf2 Be6 15.
Na4 Nh5 16. cxd5 Bxd5 17. Re1 Qg5 18. Kh1 Nf4 19. Bf1 Bc4 20. Rxe8+ Rxe8 21.
Nc3 Bxf1 22. Qxf1 Nd5 23. Ne4 Qe5 24. Rb1 f5 25. Nd2 Qe2 26. Nc4 a6 27. Kg1 Nb4
28. Re1 Qxf1+ 29. Kxf1 Rxe1+ 30. Bxe1 Nxa2 31. Bd2 Kf7 32. Ke2 Ke6 33. Kd3 Kd5
34. b3 Kc5 35. Be3+ Kd5 36. Nb6+ Kd6 37. Nc4+ Ke6 38. Bd2 Bf8 39. g4 Nb4+ 40.
Bxb4 Bxb4 41. Ke3 Bc5+ 42. Kd3 fxg4 43. fxg4 Kd5 44. h3 Ba7 45. Na5 Bb6 46. Nc4
Bd8 47. Ke3 a5 48. Kd3 Bc7 49. Nd2 Ke5 50. Nf3+ Kf4 51. Nd4 Kg3 52. Nxc6 Kxh3
53. Ne7 Kxg4 54. Nxg6 Bd6 55. Nh8 h5 56. Nf7 Bc7 0-1

[Event "Vrnjacka Banja zt"]
[Site "Vrnjacka Banja"]
[Date "1972.??.??"]
[Round "7"]
[White "Tsouros, Georgios"]
[Black "Adorjan, Andras"]
[Result "0-1"]
[WhiteElo "2200"]
[BlackElo "2465"]
[PlyCount "64"]
[EventDate "1972.??.??"]
[EventType "tourn"]
[EventRounds "13"]
[EventCountry "YUG"]
[EventCategory "7"]
[Source "ChessBase"]
[SourceDate "2000.11.22"]
[WhiteTeamCountry "URS"]
[BlackTeamCountry "HUN"]

1. e4 g6 2. d4 Bg7 3. Nc3 d6 4. Nf3 a6 5. Be2 b5 6. O-O Bb7 7. Qd3 Nd7 8. a4 b4
9. Na2 c5 10. d5 Ngf6 11. Bd2 O-O 12. c4 Qc7 13. Qc2 Rae8 14. Rfe1 b3 15. Qxb3
Nxe4 16. Bf4 e5 17. Be3 h6 18. Bd3 Nef6 19. Bf1 Ng4 20. Nc3 f5 21. h3 Nxe3 22.
fxe3 e4 23. Nd2 Rb8 24. Qc2 Qd8 25. Ne2 Qg5 26. Nf4 Be5 27. Ne6 Qg3 28. Nxf8
Rxf8 29. Rab1 Nf6 30. b4 Ng4 31. hxg4 fxg4 32. Nf3 Rxf3 0-1

[Event "Vrnjacka Banja zt"]
[Site "Vrnjacka Banja"]
[Date "1972.??.??"]
[Round "8"]
[White "Adorjan, Andras"]
[Black "Rukavina, Josip"]
[Result "1/2-1/2"]
[WhiteElo "2465"]
[BlackElo "2380"]
[PlyCount "62"]
[EventDate "1972.??.??"]
[EventType "tourn"]
[EventRounds "13"]
[EventCountry "YUG"]
[EventCategory "7"]
[Source "ChessBase"]
[SourceDate "2000.11.22"]
[WhiteTeamCountry "URS"]
[BlackTeamCountry "HUN"]

1. e4 c6 2. d4 d5 3. Nd2 dxe4 4. Nxe4 Bf5 5. Ng3 Bg6 6. h4 h6 7. Nf3 Nd7 8. h5
Bh7 9. Bd3 Bxd3 10. Qxd3 Qc7 11. Bd2 Ngf6 12. O-O-O e6 13. Ne4 O-O-O 14. g3
Nxe4 15. Qxe4 c5 16. Bf4 Bd6 17. Bxd6 Qxd6 18. Ne5 Nxe5 19. dxe5 Qe7 20. f4 a6
21. a3 Kc7 22. Qe3 Rxd1+ 23. Rxd1 Rd8 24. Rxd8 Kxd8 25. c4 Ke8 26. Kc2 Qc7 27.
Qe4 Qd7 28. g4 Qe7 29. Qe3 g6 30. Qe4 gxh5 31. gxh5 Qd7 1/2-1/2

[Event "Vrnjacka Banja zt"]
[Site "Vrnjacka Banja"]
[Date "1972.??.??"]
[Round "9"]
[White "Kristinsson, Jon"]
[Black "Adorjan, Andras"]
[Result "1/2-1/2"]
[WhiteElo "2380"]
[BlackElo "2465"]
[PlyCount "27"]
[EventDate "1972.??.??"]
[EventType "tourn"]
[EventRounds "13"]
[EventCountry "YUG"]
[EventCategory "7"]
[Source "ChessBase"]
[SourceDate "2000.11.22"]
[WhiteTeamCountry "URS"]
[BlackTeamCountry "HUN"]

1. Nf3 g6 2. d4 Bg7 3. g3 c5 4. c4 cxd4 5. Nxd4 Nc6 6. Nb3 a5 7. Nc3 a4 8. Nd2
a3 9. Bg2 Qa5 10. Qc2 Nh6 11. O-O O-O 12. Nb3 Qh5 13. bxa3 d6 14. Rb1 1/2-1/2

[Event "Vrnjacka Banja zt"]
[Site "Vrnjacka Banja"]
[Date "1972.04.09"]
[Round "10"]
[White "Adorjan, Andras"]
[Black "Sursock, Sameer"]
[Result "1/2-1/2"]
[WhiteElo "2465"]
[BlackElo "2200"]
[PlyCount "81"]
[EventDate "1972.??.??"]
[EventType "tourn"]
[EventRounds "13"]
[EventCountry "YUG"]
[EventCategory "7"]
[Source "ChessBase"]
[SourceDate "2000.11.22"]
[WhiteTeamCountry "URS"]
[BlackTeamCountry "HUN"]

1. d4 d5 2. c4 e6 3. Nc3 Nf6 4. Bf4 Be7 5. e3 O-O 6. Nf3 c6 7. Bd3 Nbd7 8. O-O
dxc4 9. Bxc4 Nd5 10. Bg3 N7f6 11. Qc2 b6 12. Nxd5 exd5 13. Bd3 Bb7 14. Rac1 g6
15. Ne5 c5 16. dxc5 bxc5 17. Qa4 c4 18. Bb1 Nh5 19. b3 Nxg3 20. hxg3 Qd6 21.
Nf3 cxb3 22. axb3 a6 23. Bd3 Rfc8 24. Nd4 Bf8 25. Be2 Rxc1 26. Rxc1 Rc8 27.
Rxc8 Bxc8 28. Qe8 Bb7 29. Bf3 Kg7 30. Ne2 Qb4 31. Qe5+ Kg8 32. Nf4 Qxb3 33. Kh2
Qb5 34. Bxd5 Bxd5 35. Nxd5 Bg7 36. Qd6 h5 37. e4 Qb2 38. Ne7+ Kh7 39. f4 Qf6
40. Qd8 h4 41. e5 1/2-1/2

[Event "Vrnjacka Banja zt"]
[Site "Vrnjacka Banja"]
[Date "1972.04.10"]
[Round "11"]
[White "Hartston, William"]
[Black "Adorjan, Andras"]
[Result "1/2-1/2"]
[WhiteElo "2390"]
[BlackElo "2465"]
[PlyCount "43"]
[EventDate "1972.??.??"]
[EventType "tourn"]
[EventRounds "13"]
[EventCountry "YUG"]
[EventCategory "7"]
[Source "ChessBase"]
[SourceDate "2000.11.22"]
[WhiteTeamCountry "URS"]
[BlackTeamCountry "HUN"]

1. g3 g6 2. Bg2 Bg7 3. d4 c5 4. c3 Na6 5. Nf3 Nf6 6. O-O O-O 7. Re1 d5 8. Bf4
Qb6 9. Qb3 cxd4 10. cxd4 Qxb3 11. axb3 Bf5 12. Nh4 Bd7 13. Nc3 Nb4 14. Rec1
Rfc8 15. Bg5 Bc6 16. Nf3 h6 17. Be3 Nd7 18. Bd2 g5 19. Nd1 Na6 20. e3 g4 21.
Ne1 e5 22. Bc3 1/2-1/2

[Event "Vrnjacka Banja zt"]
[Site "Vrnjacka Banja"]
[Date "1972.04.11"]
[Round "12"]
[White "Adorjan, Andras"]
[Black "Ciocaltea, Victor"]
[Result "1/2-1/2"]
[WhiteElo "2465"]
[BlackElo "2460"]
[PlyCount "31"]
[EventDate "1972.??.??"]
[EventType "tourn"]
[EventRounds "13"]
[EventCountry "YUG"]
[EventCategory "7"]
[Source "ChessBase"]
[SourceDate "2000.11.22"]
[WhiteTeamCountry "URS"]
[BlackTeamCountry "HUN"]

1. e4 g6 2. d4 Bg7 3. Nf3 c6 4. c3 d5 5. Nbd2 Nh6 6. Bd3 O-O 7. O-O f6 8. Re1
Nf7 9. c4 e6 10. b3 a5 11. Qc2 Na6 12. a3 Bd7 13. Bb2 b5 14. h4 dxc4 15. bxc4
e5 16. h5 1/2-1/2

[Event "Vrnjacka Banja zt"]
[Site "Vrnjacka Banja"]
[Date "1972.??.??"]
[Round "13"]
[White "Smejkal, Jan"]
[Black "Adorjan, Andras"]
[Result "1-0"]
[WhiteElo "2515"]
[BlackElo "2465"]
[PlyCount "63"]
[EventDate "1972.??.??"]
[EventType "tourn"]
[EventRounds "13"]
[EventCountry "YUG"]
[EventCategory "7"]
[Source "ChessBase"]
[SourceDate "2000.11.22"]
[WhiteTeamCountry "URS"]
[BlackTeamCountry "HUN"]

1. d4 g6 2. c4 Nf6 3. Nf3 Bg7 4. g3 O-O 5. Bg2 d6 6. O-O Nc6 7. Nc3 a6 8. h3
Rb8 9. Be3 b5 10. Nd2 Bd7 11. d5 Na5 12. cxb5 axb5 13. b4 Nc4 14. Nxc4 bxc4 15.
b5 Qc8 16. Qa4 Bxh3 17. Qxc4 Bxg2 18. Kxg2 e6 19. Rad1 Qb7 20. Bg5 Rfe8 21.
Bxf6 Bxf6 22. Ne4 Bg7 23. a4 Ra8 24. f3 h6 25. dxe6 Rxe6 26. Rd2 Re7 27. Rc1
Qa7 28. Ra2 Kh7 29. Rh1 Qe3 30. a5 f5 31. Nf2 Qc3 32. Rxh6+ 1-0

[Event "WchT U26 19th fin-A"]
[Site "Graz"]
[Date "1972.??.??"]
[Round "1.1"]
[White "Adorjan, Andras"]
[Black "Fedder, Steen"]
[Result "1/2-1/2"]
[WhiteElo "2475"]
[BlackElo "2370"]
[PlyCount "52"]
[EventDate "1972.07.15"]
[EventType "team"]
[EventRounds "9"]
[EventCountry "AUT"]
[Source "ChessBase"]
[SourceDate "1999.07.01"]
[WhiteTeamCountry "URS"]
[BlackTeamCountry "HUN"]

1. e4 c5 2. Nf3 d6 3. d4 cxd4 4. Nxd4 Nf6 5. Nc3 a6 6. Bc4 e6 7. Bb3 b5 8. O-O
Be7 9. f4 Bb7 10. e5 dxe5 11. fxe5 Bc5 12. Be3 Nc6 13. exf6 Bxd4 14. fxg7 Bxe3+
15. Kh1 Rg8 16. Bxe6 fxe6 17. Qh5+ Kd7 18. Rad1+ Bd4 19. Ne2 Qe8 20. Rf7+ Kc8
21. Nxd4 Rxg7 22. Nf5 Rxf7 23. Nd6+ Kd7 24. Nxb5+ Ke7 25. Qc5+ Kf6 26. Nd6 Kg7
1/2-1/2

[Event "WchT U26 19th fin-A"]
[Site "Graz"]
[Date "1972.??.??"]
[Round "2.1"]
[White "Adorjan, Andras"]
[Black "Hernandez Onna, Roman"]
[Result "1/2-1/2"]
[WhiteElo "2475"]
[BlackElo "2360"]
[PlyCount "80"]
[EventDate "1972.07.15"]
[EventType "team"]
[EventRounds "9"]
[EventCountry "AUT"]
[Source "ChessBase"]
[SourceDate "1999.07.01"]
[WhiteTeamCountry "URS"]
[BlackTeamCountry "HUN"]

1. e4 e5 2. Nf3 Nc6 3. Bb5 a6 4. Bxc6 dxc6 5. O-O f6 6. d4 Bg4 7. dxe5 Qxd1 8.
Rxd1 fxe5 9. Rd3 Bxf3 10. gxf3 Bc5 11. Nd2 Ne7 12. Nb3 Bd6 13. Na5 O-O-O 14.
Bg5 Rd7 15. Nc4 Ng6 16. Rad1 Rf8 17. Kg2 b5 18. Nxd6+ cxd6 19. Rxd6 Rxd6 20.
Rxd6 Kc7 21. Rd3 h6 22. Bd2 Nf4+ 23. Bxf4 Rxf4 24. a4 g5 25. Kg3 h5 26. axb5
axb5 27. Re3 Kb6 28. b4 Kc7 29. Kg2 Kb6 30. Re1 Kc7 31. Rc1 Kb6 32. c4 bxc4 33.
Rxc4 g4 34. fxg4 hxg4 35. Kg3 Kb7 36. Rc5 Rxe4 37. b5 cxb5 38. Rxb5+ Kc6 39.
Rb8 Rf4 40. Rd8 Kc5 1/2-1/2

[Event "WchT U26 19th fin-A"]
[Site "Graz"]
[Date "1972.??.??"]
[Round "5.1"]
[White "Rogoff, Kenneth"]
[Black "Adorjan, Andras"]
[Result "1-0"]
[WhiteElo "2430"]
[BlackElo "2475"]
[PlyCount "59"]
[EventDate "1972.07.15"]
[EventType "team"]
[EventRounds "9"]
[EventCountry "AUT"]
[Source "ChessBase"]
[SourceDate "1999.07.01"]
[WhiteTeamCountry "URS"]
[BlackTeamCountry "HUN"]

1. e4 c5 2. Nf3 Nc6 3. Bb5 e6 4. O-O Nge7 5. b3 Nd4 6. Nxd4 cxd4 7. Bb2 a6 8.
Be2 Nc6 9. c3 Bc5 10. b4 Bb6 11. a4 d5 12. exd5 exd5 13. Na3 O-O 14. b5 dxc3
15. dxc3 Na5 16. c4 Be6 17. bxa6 bxa6 18. Bf3 dxc4 19. Bxa8 Qxa8 20. Qh5 Qc6
21. Bc3 Nb3 22. Rad1 Nc5 23. a5 Ba7 24. Qe5 f6 25. Qd6 Qc8 26. Qe7 Qa8 27. Rfe1
Re8 28. Qc7 Nd3 29. Rxe6 Rc8 30. Re8+ 1-0

[Event "WchT U26 19th fin-A"]
[Site "Graz"]
[Date "1972.??.??"]
[Round "7.1"]
[White "Kirov, Nino"]
[Black "Adorjan, Andras"]
[Result "1/2-1/2"]
[WhiteElo "2365"]
[BlackElo "2475"]
[PlyCount "32"]
[EventDate "1972.07.15"]
[EventType "team"]
[EventRounds "9"]
[EventCountry "AUT"]
[Source "ChessBase"]
[SourceDate "1999.07.01"]
[WhiteTeamCountry "URS"]
[BlackTeamCountry "HUN"]

1. Nf3 c5 2. g3 g6 3. Bg2 Bg7 4. d4 cxd4 5. Nxd4 Qa5+ 6. c3 Nc6 7. O-O Nf6 8.
Nd2 O-O 9. N2b3 Qc7 10. Nb5 Qd8 11. c4 d6 12. c5 d5 13. Bf4 Bf5 14. N5d4 Bd7
15. Nxc6 bxc6 16. Be5 Rc8 1/2-1/2

[Event "WchT U26 19th fin-A"]
[Site "Graz"]
[Date "1972.??.??"]
[Round "8.1"]
[White "Adorjan, Andras"]
[Black "Ghizdavu, Dumitru"]
[Result "1/2-1/2"]
[WhiteElo "2475"]
[BlackElo "2385"]
[PlyCount "112"]
[EventDate "1972.07.15"]
[EventType "team"]
[EventRounds "9"]
[EventCountry "AUT"]
[Source "ChessBase"]
[SourceDate "1999.07.01"]
[WhiteTeamCountry "URS"]
[BlackTeamCountry "HUN"]

1. e4 Nf6 2. e5 Nd5 3. d4 d6 4. Nf3 g6 5. Bc4 c6 6. O-O Bg7 7. exd6 Qxd6 8. Re1
Bg4 9. Bg5 e6 10. Nbd2 Nd7 11. c3 N7f6 12. Bb3 h6 13. Bh4 O-O 14. Nc4 Bxf3 15.
Nxd6 Bxd1 16. Raxd1 b6 17. Nc4 Rac8 18. Ne5 Rfd8 19. f3 Ne7 20. Bc4 g5 21. Bf2
Ned5 22. a4 Nd7 23. Nd3 a5 24. h4 Bf6 25. hxg5 hxg5 26. Bg3 Ra8 27. Kf2 Kg7 28.
Rh1 Rh8 29. Bd6 Rad8 30. g4 Nf8 31. Rxh8 Kxh8 32. Be5 Kg7 33. Ba6 Rd7 34. Bb8
Ng6 35. Ne5 Bxe5 36. dxe5 Rd8 37. Bd6 Rd7 38. Rh1 Ra7 39. Bd3 Rd7 40. Be4 Nde7
41. Rh5 Nf4 42. Rh7+ Kg8 43. Rh1 c5 44. Bxe7 Rxe7 45. Rd1 Re8 46. Rd7 Rb8 47.
Ke3 b5 48. Kd2 bxa4 49. Kc2 Ng2 50. Rc7 Ne3+ 51. Kc1 Nc4 52. Rxc5 Nxb2 53. Rxa5
Kg7 54. Kc2 Nc4 55. Rxa4 Nxe5 56. Ra5 Kf6 1/2-1/2

[Event "WchT U26 19th fin-A"]
[Site "Graz"]
[Date "1972.??.??"]
[Round "9.1"]
[White "Balshan, Amikam"]
[Black "Adorjan, Andras"]
[Result "1/2-1/2"]
[WhiteElo "2200"]
[BlackElo "2475"]
[PlyCount "21"]
[EventDate "1972.07.15"]
[EventType "team"]
[EventRounds "9"]
[EventCountry "AUT"]
[Source "ChessBase"]
[SourceDate "1999.07.01"]
[WhiteTeamCountry "URS"]
[BlackTeamCountry "HUN"]

1. Nf3 g6 2. c4 Bg7 3. d4 c5 4. d5 d6 5. Nc3 Nf6 6. g3 O-O 7. Bg2 Na6 8. O-O
Nc7 9. a4 Rb8 10. e4 b6 11. Re1 1/2-1/2

[Event "WchT U26 19th prel-E"]
[Site "Graz"]
[Date "1972.??.??"]
[Round "1.1"]
[White "Adorjan, Andras"]
[Black "Harandi, Khosro"]
[Result "1-0"]
[WhiteElo "2475"]
[BlackElo "2270"]
[PlyCount "67"]
[EventDate "1972.07.15"]
[EventType "team"]
[EventRounds "5"]
[EventCountry "AUT"]
[Source "ChessBase"]
[SourceDate "1999.07.01"]
[WhiteTeamCountry "URS"]
[BlackTeamCountry "HUN"]

1. e4 e5 2. Nf3 Nc6 3. Bb5 a6 4. Bxc6 dxc6 5. O-O f6 6. d4 Bg4 7. dxe5 Qxd1 8.
Rxd1 fxe5 9. Rd3 Bd6 10. Nbd2 Nf6 11. Nc4 Nxe4 12. Nfxe5 Bxe5 13. Nxe5 Be6 14.
f3 Nc5 15. Re3 O-O-O 16. Re1 Rde8 17. Bd2 Bf5 18. Rac1 Nd7 19. Nf7 Rhf8 20. Bc3
Nf6 21. Ne5 g6 22. Bb4 Rg8 23. c4 Nd7 24. Nf7 c5 25. Bc3 Be6 26. Nh6 Rgf8 27.
Bg7 Rf4 28. Re3 Nb6 29. Rce1 Kd7 30. b3 Nxc4 31. bxc4 Rxc4 32. Ng4 Kd6 33. Nf6
Re7 34. Bf8 1-0

[Event "WchT U26 19th prel-E"]
[Site "Graz"]
[Date "1972.??.??"]
[Round "2.1"]
[White "Hlousek, Zdenek"]
[Black "Adorjan, Andras"]
[Result "0-1"]
[WhiteElo "2355"]
[BlackElo "2475"]
[PlyCount "78"]
[EventDate "1972.07.15"]
[EventType "team"]
[EventRounds "5"]
[EventCountry "AUT"]
[Source "ChessBase"]
[SourceDate "1999.07.01"]
[WhiteTeamCountry "URS"]
[BlackTeamCountry "HUN"]

1. e4 c5 2. Nf3 Nc6 3. d4 cxd4 4. Nxd4 g6 5. Nc3 Bg7 6. Be3 Nf6 7. Bc4 O-O 8.
Bb3 d6 9. f3 Bd7 10. Qd2 Nxd4 11. Bxd4 b5 12. a4 b4 13. Ne2 e5 14. Be3 Be6 15.
Bxe6 fxe6 16. Rd1 d5 17. Qxb4 Rb8 18. Qa3 Qa5+ 19. c3 dxe4 20. O-O exf3 21.
gxf3 e4 22. Bc5 exf3 23. Rxf3 Rfd8 24. Rfd3 Rxd3 25. Rxd3 Qa6 26. Nf4 Nd5 27.
Rf3 Qc4 28. Bd6 Rf8 29. Bxf8 Bxf8 30. Qa1 Bc5+ 31. Kh1 Qe4 32. Qf1 Nxf4 33. b4
Bd6 34. Kg1 g5 35. Qf2 g4 36. Qh4 Ne2+ 37. Kf2 Qxf3+ 38. Ke1 Nxc3 39. Qg5+ Kf7
0-1